<?xml version="1.0" encoding="UTF-8"?>
<record
    xmlns:xsi="http://www.w3.org/2001/XMLSchema-instance"
    xsi:schemaLocation="http://www.loc.gov/MARC21/slim http://www.loc.gov/standards/marcxml/schema/MARC21slim.xsd"
    xmlns="http://www.loc.gov/MARC21/slim">

  <leader>01144nam a22002657a 4500</leader>
  <controlfield tag="005">20141119161221.0</controlfield>
  <controlfield tag="008">140714b        xxu||||| |||| 00| 0 Urdu d</controlfield>
  <datafield tag="010" ind1=" " ind2=" ">
    <subfield code="a">UR-135       B-548043</subfield>
  </datafield>
  <datafield tag="020" ind1=" " ind2=" ">
    <subfield code="a">9789350731406</subfield>
    <subfield code="c">500.00</subfield>
  </datafield>
  <datafield tag="035" ind1=" " ind2=" ">
    <subfield code="a">U-135      B-548043</subfield>
  </datafield>
  <datafield tag="037" ind1=" " ind2=" ">
    <subfield code="b">BPPD/Pub/Ven</subfield>
  </datafield>
  <datafield tag="037" ind1=" " ind2=" ">
    <subfield code="b">Pansy Books(Vend.)/Edu.pub. House(Pub.)</subfield>
  </datafield>
  <datafield tag="040" ind1=" " ind2=" ">
    <subfield code="a">DPL</subfield>
    <subfield code="b">Urdu</subfield>
  </datafield>
  <datafield tag="082" ind1=" " ind2=" ">
    <subfield code="a">841</subfield>
  </datafield>
  <datafield tag="100" ind1=" " ind2=" ">
    <subfield code="a">&#x645;&#x636;&#x637;&#x631; &#x645;&#x62C;&#x627; &#x632;</subfield>
  </datafield>
  <datafield tag="245" ind1=" " ind2=" ">
    <subfield code="a">&#x637;&#x644;&#x633;&#x645; &#x645;&#x62C;&#x627; &#x632;"&#x6A9;&#x644;&#x64A;&#x627; &#x62A;&#x633;&#x646;&#x6C1; 2013 &#x62A;&#x6A9; &#x6A9;&#x627; &#x6A9;&#x644;&#x627; &#x645;</subfield>
    <subfield code="c">&#x645;&#x636;&#x637;&#x631; &#x645;&#x62C;&#x627; &#x632;</subfield>
  </datafield>
  <datafield tag="246" ind1=" " ind2=" ">
    <subfield code="a">Tilism-e- Majaz(Kulliyat)</subfield>
    <subfield code="b">byMuztar Majaz</subfield>
  </datafield>
  <datafield tag="260" ind1=" " ind2=" ">
    <subfield code="a">&#x62F; &#x6BE;&#x644;&#x6CC;</subfield>
    <subfield code="b">&#x627; &#x64A;&#x62C;&#x648; &#x6A9;&#x64A;&#x634;&#x646;&#x644; &#x67E;&#x628;&#x644;&#x64A;&#x634;&#x646;&#x6AF;  &#x6C1;&#x627; &#x624;&#x633;</subfield>
    <subfield code="c">2013</subfield>
  </datafield>
  <datafield tag="260" ind1=" " ind2=" ">
    <subfield code="b">Pansy Books(Vender)</subfield>
  </datafield>
  <datafield tag="270" ind1=" " ind2=" ">
    <subfield code="a">3108&#x60C;&#x648; &#x6A9;&#x64A;&#x644; &#x627;&#x633;&#x679;&#x631; &#x64A;&#x679; &#x60C;&#x6A9;&#x648; &#x686;&#x6C1; &#x67E;&#x646;&#x688; &#x62A; &#x60C;&#x644;&#x627;&#x644; &#x6A9;&#x646;&#x648; &#x627; &#x646;</subfield>
    <subfield code="b">&#x62F; &#x6BE;&#x644;&#x6CC;</subfield>
    <subfield code="e">110006</subfield>
    <subfield code="k">23216162&#x60C;23214465</subfield>
  </datafield>
  <datafield tag="270" ind1=" " ind2=" ">
    <subfield code="a">R2,/66/A Somesh Vihar,Chhawala</subfield>
    <subfield code="b">New Delhi</subfield>
    <subfield code="e">110071</subfield>
    <subfield code="k">01125317355</subfield>
  </datafield>
  <datafield tag="300" ind1=" " ind2=" ">
    <subfield code="a">500&#x635;</subfield>
    <subfield code="c">22Cm (Hb)</subfield>
  </datafield>
  <datafield tag="942" ind1=" " ind2=" ">
    <subfield code="2">ddc</subfield>
    <subfield code="c">UR</subfield>
    <subfield code="e"> </subfield>
    <subfield code="h">841</subfield>
    <subfield code="m">&#x645; &#x636; &#x637;</subfield>
  </datafield>
  <datafield tag="999" ind1=" " ind2=" ">
    <subfield code="c">87383</subfield>
    <subfield code="d">87383</subfield>
  </datafield>
  <datafield tag="952" ind1=" " ind2=" ">
    <subfield code="0">0</subfield>
    <subfield code="1">0</subfield>
    <subfield code="2">ddc</subfield>
    <subfield code="4">0</subfield>
    <subfield code="7">0</subfield>
    <subfield code="8">NFIC</subfield>
    <subfield code="a">L</subfield>
    <subfield code="b">L</subfield>
    <subfield code="d">2014-11-19</subfield>
    <subfield code="e">BPPD/UR/2014-15/125/1.8.14/1469/14.8.14/2.9.14</subfield>
    <subfield code="g">500.00</subfield>
    <subfield code="l">2</subfield>
    <subfield code="o">841 &#x645; &#x636; &#x637;</subfield>
    <subfield code="p">B-548043</subfield>
    <subfield code="r">2018-12-13 00:00:00</subfield>
    <subfield code="s">2018-11-30</subfield>
    <subfield code="t">1</subfield>
    <subfield code="v">500.00</subfield>
    <subfield code="w">2014-11-19</subfield>
    <subfield code="y">UR</subfield>
  </datafield>
</record>
